The operational auditing handbook : auditing businesses and IT processes

Enregistré dans:
Détails bibliographiques
Auteur principal:  Chambers, Andrew D
Format: Sách
Langue:Undetermined
Publié:  Wiley  2010
Sujets:
Tags: Ajouter un tag
Pas de tags, Soyez le premier à ajouter un tag!
Thư viện lưu trữ: Trung tâm Thư viện - Trường Đại học Công nghiệp TP. Hồ Chí Minh
LEADER 00530nam a2200157Ia 4500
001 UIH_07258
008 231011s9999 xx 000 0 und d
082 |a  658.4013 
100 |a  Chambers, Andrew D 
245 0 |a  The operational auditing handbook : auditing businesses and IT processes 
245 0 |c  Chambers, Andrew D 
260 |b  Wiley 
260 |c  2010 
650 |a  Management audit; Kiểm toán;  
927 |a Sách 
980 |a Trung tâm Thư viện - Trường Đại học Công nghiệp TP. Hồ Chí Minh